| 000 | 00877pam a2200229 a 4500 | ||
|---|---|---|---|
| 008 | 821214s1983 enk b 001 0 eng | ||
| 020 | _a0521253896 | ||
| 020 | _a0521274095 (pbk.) | ||
| 050 | 0 | 0 |
_aHM24 _b.R64 1983 |
| 082 | 0 | 0 | _a301/.01 |
| 100 | 1 | _aRogers, Mary F. | |
| 245 | 1 | 0 |
_aSociology, ethnomethodology, and experience : _ba phenomenological critique / _cMary F. Rogers. |
| 260 |
_aCambridge [Cambridgeshire] ; _aNew York : _bCambridge University Press, _c1983. |
||
| 300 | _axi, 219 p. ; | ||
| 440 | 4 | _aThe Arnold and Caroline Rose monograph series of the American Sociological Association | |
| 500 | _aIncludes indexes. | ||
| 650 | 0 | _aPhenomenological sociology. | |
| 650 | 0 | _aEthnomethodology. | |
| 856 | 4 | 2 | _uhttp://www.loc.gov/catdir/enhancements/fy0907/82023579-d.html |
| 856 | 4 | 1 | _uhttp://www.loc.gov/catdir/enhancements/fy0907/82023579-t.html |
| 942 | _cBK | ||
| 999 |
_c3717 _d3717 |
||